Statistiques concernant adversaires saint denis

Cliquez ici pour prendre le quiz!

Statistiques générales

  • Ce quiz a été pris 20 fois
  • Le résultat moyen est 5 sur 7

Statistiques - réponses

HintRéponse% Correct
bresildos santos
91%
bresilbonfim
82%
USAfrevola
82%
USApoirier
82%
bresilmiranda
45%
bresilmoises
36%
allemagnestolze
36%

Distribution des résultats

Percentile par nombre de réponses

% des personnes avec chaque résultat

Votre développement - résultats

Vous n’avez pas pris ce quiz